| 000 | 00752nam a2200229Ia 4500 | ||
|---|---|---|---|
| 001 | 9639 | ||
| 003 | GE_BSU | ||
| 008 | 181216s||||||||xx |||||||||||||| ||und|| | ||
| 040 | _cGE_BSU | ||
| 080 | _aმრევლიშვილი | ||
| 100 | _aმრევლიშვილი,მიხეილ. | ||
| 245 | _aხარატაანთ კერა | ||
| 245 | _bრომანი | ||
| 245 | _cრედ. მ.მრევლიშვილი.მხატვ.გ.ნატროშვილი | ||
| 260 | _aთბილისი | ||
| 260 | _bსაბჭ.მწერალი | ||
| 260 | _c1948 | ||
| 300 | _a220გვ.15სმ. | ||
| 653 | _aრომანი | ||
| 653 | _aხარატაანთ კერა | ||
| 942 | _cBK | ||
| 999 |
_c42923 _d42923 |
||